<?xml version="1.0" encoding="UTF-8"?>
<record
    xmlns:xsi="http://www.w3.org/2001/XMLSchema-instance"
    xsi:schemaLocation="http://www.loc.gov/MARC21/slim http://www.loc.gov/standards/marcxml/schema/MARC21slim.xsd"
    xmlns="http://www.loc.gov/MARC21/slim">

  <leader>04584nam a22007457a 4500</leader>
  <controlfield tag="003">AR-RoUNA</controlfield>
  <controlfield tag="005">20260612112058.0</controlfield>
  <controlfield tag="008">260612b        |||||||| |||| 00| 0 spa d</controlfield>
  <datafield tag="020" ind1=" " ind2=" ">
    <subfield code="a">978-987-749-501-0</subfield>
  </datafield>
  <datafield tag="040" ind1=" " ind2=" ">
    <subfield code="a">AR-RoUNA</subfield>
    <subfield code="b">spa</subfield>
    <subfield code="d">AR-RoUNA</subfield>
  </datafield>
  <datafield tag="041" ind1=" " ind2=" ">
    <subfield code="a">spa</subfield>
  </datafield>
  <datafield tag="044" ind1=" " ind2=" ">
    <subfield code="a">ag</subfield>
  </datafield>
  <datafield tag="245" ind1="1" ind2="0">
    <subfield code="a">Arquitectura p&#xFA;blica e historia reciente </subfield>
    <subfield code="b">: Santa Fe, 1989&#x2013;2022</subfield>
    <subfield code="c">/ editoras Luc&#xED;a espinosa y Viviana Bolcatto; Emiliana Balestieri; Facundo Tom&#xE1;s Berdat; Luc&#xED;a Brumnich; Pablo Ignacio Cocuzza; Mar&#xED;a Espinoza; Mar&#xED;a Virginia Fabre; Pablo Ignacio Ferreira; Federico Gigante; Sof&#xED;a Floriani; Germ&#xE1;n Godoy Hern&#xE1;ndez; Micaela Ayel&#xE9;n Grimaldi; Pamela Mata y Luc&#xED;a Suarez</subfield>
  </datafield>
  <datafield tag="260" ind1=" " ind2=" ">
    <subfield code="a">Santa Fe (Argentina):</subfield>
    <subfield code="b">Ediciones UNL,</subfield>
    <subfield code="c">2025</subfield>
  </datafield>
  <datafield tag="300" ind1=" " ind2=" ">
    <subfield code="a">173 p.:</subfield>
    <subfield code="b">Cuadros estad&#xED;sticos</subfield>
    <subfield code="b">fot. byn.</subfield>
    <subfield code="c">24x17 cm</subfield>
  </datafield>
  <datafield tag="505" ind1="0" ind2=" ">
    <subfield code="t">INDICE</subfield>
  </datafield>
  <datafield tag="505" ind1="0" ind2=" ">
    <subfield code="t">PRESENTACION</subfield>
  </datafield>
  <datafield tag="505" ind1="0" ind2=" ">
    <subfield code="a">Luc&#xED;a Espinoza y Viviana Bolcatto. p. 11</subfield>
  </datafield>
  <datafield tag="505" ind1="0" ind2=" ">
    <subfield code="t">ARQUITECTURA</subfield>
  </datafield>
  <datafield tag="505" ind1="0" ind2=" ">
    <subfield code="a">Luc&#xED;a Espinoza / Definir arquitectura p&#xFA;blica. El pliegue contexto-proyecto. p. 17</subfield>
  </datafield>
  <datafield tag="505" ind1="0" ind2=" ">
    <subfield code="a">Germ&#xE1;n Godoy Hern&#xE1;ndez / El proyecto arquitect&#xF3;nico como accidente del tiempo. El nuevo Hospital Iturraspe. p. 31</subfield>
  </datafield>
  <datafield tag="505" ind1="0" ind2=" ">
    <subfield code="a">Pablo Igancio Ferreira / Los bordes de la arquitectura. Nuevas concepciones de naturaleza para el estudio de la arquitectura p&#xFA;blica. p. 41</subfield>
  </datafield>
  <datafield tag="505" ind1="0" ind2=" ">
    <subfield code="t">CIUDAD</subfield>
  </datafield>
  <datafield tag="505" ind1="0" ind2=" ">
    <subfield code="a">Federico Gigante / Fugas visuales. Observar y ser observado en la ciudad contemporanea argentina. p. 59</subfield>
  </datafield>
  <datafield tag="505" ind1="0" ind2=" ">
    <subfield code="a">Mar&#xED;a Elena del Barco / Cuestionar la ciudad: historia, monumentos, escala y l&#xED;mites. Entre las fotos satelitales y el mapa mental. p. 73</subfield>
  </datafield>
  <datafield tag="505" ind1="0" ind2=" ">
    <subfield code="a">Sof&#xED;a Floriani y Micaela Grimaldi / Revisi&#xF3;n metodol&#xF3;gica para abordar la ciudad de Santa Fe con perspectiva de g&#xE9;nero. p. 79</subfield>
  </datafield>
  <datafield tag="505" ind1="0" ind2=" ">
    <subfield code="a">Facundo Berdat / Colectivo, facultad, sue&#xF1;o. p. 91</subfield>
  </datafield>
  <datafield tag="505" ind1="0" ind2=" ">
    <subfield code="t">MODO DE PROYECTO</subfield>
  </datafield>
  <datafield tag="505" ind1="0" ind2=" ">
    <subfield code="a">Pablo Ignacio Cocuzza / Lo reciente como periodizaci&#xF3;n. Mapa de agencias estatles y programas nacionales. p. 101</subfield>
  </datafield>
  <datafield tag="505" ind1="0" ind2=" ">
    <subfield code="a">Emiliana J&#xE9;sica Balestieri / Modos de proyectos en la arquitectura santafesina. Cartograf&#xED;as proyectuales. p. 111</subfield>
  </datafield>
  <datafield tag="505" ind1="0" ind2=" ">
    <subfield code="a">Mar&#xED;a Virginia Fabre / La superficie arquitect&#xF3;nica como escena del poder pol&#xED;tico. La escuela de trabajo Barranquitas Sur. p. 127</subfield>
  </datafield>
  <datafield tag="505" ind1="0" ind2=" ">
    <subfield code="a">Luc&#xED;a Brumnich / La b&#xFA;squeda de fuentes para el an&#xE1;lisis de obras de arquitectura en la actualidad a trav&#xE9;s de una mirada de formaci&#xF3;n docente. p. 135</subfield>
  </datafield>
  <datafield tag="505" ind1="0" ind2=" ">
    <subfield code="t">COMUNICACI&#xD3;N </subfield>
  </datafield>
  <datafield tag="505" ind1="0" ind2=" ">
    <subfield code="a">Pamela Ver&#xF3;nica Mata / Nuevas formas de mirar en espacio expandidos. Estrategias de dise&#xF1;o y comunicaci&#xF3;n en el espacio p&#xFA;blico desde narrativas audiovisuales. p. 143</subfield>
  </datafield>
  <datafield tag="505" ind1="0" ind2=" ">
    <subfield code="a">Luc&#xED;a Suarez / La publiciadad en la obra p&#xFA;blica. El acento en los l&#xED;mites. p. 149</subfield>
  </datafield>
  <datafield tag="505" ind1="0" ind2=" ">
    <subfield code="a">Viviana Bolcatto / Abrir las puertas a un lugar de encierro. Sobre el m&#xE9;todo de trabajo en el archivo del Hospital Mira y L&#xF3;pez. p. 155</subfield>
  </datafield>
  <datafield tag="505" ind1="0" ind2=" ">
    <subfield code="t">PREGUNTAS DE CIERRE - DEFINIR PARA ENSE&#xD1;AR (Luc&#xED;a Esponiza y Viviana Bolcatto)</subfield>
  </datafield>
  <datafield tag="505" ind1="0" ind2=" ">
    <subfield code="t">SOBRE LAS EDITORAS</subfield>
  </datafield>
  <datafield tag="505" ind1="0" ind2=" ">
    <subfield code="t">SOBRE LAS AUTORAS Y LOS AUTORES</subfield>
  </datafield>
  <datafield tag="505" ind1="0" ind2=" ">
    <subfield code="a">Este libro es el resultado del trabajo colectivo de un conjunto de docentes investigadoras e investigadores de la Facultad de Arquitectura, Dise&#xF1;o y Urbanismo de la Universidad Nacional del Litoral, cuyo objetivo central ha sido reunirse para leer y reflexionar acerca de los t&#xF3;picos de la arquitectura p&#xFA;blica, la historia reciente, las relaciones que establecen entre ambas y el valor que se les asigna en el debate abierto en la Argentina de la tercera d&#xE9;cada del siglo.
</subfield>
  </datafield>
  <datafield tag="650" ind1=" " ind2="4">
    <subfield code="a">Arquitectura p&#xFA;blica</subfield>
  </datafield>
  <datafield tag="650" ind1=" " ind2="4">
    <subfield code="a">Historia Argentina</subfield>
  </datafield>
  <datafield tag="651" ind1=" " ind2="4">
    <subfield code="a">Santa Fe (Argentina)</subfield>
    <subfield code="9">62</subfield>
  </datafield>
  <datafield tag="700" ind1=" " ind2=" ">
    <subfield code="9">7618</subfield>
    <subfield code="a">Espinoza, Lucia</subfield>
    <subfield code="e">edt</subfield>
  </datafield>
  <datafield tag="700" ind1="1" ind2=" ">
    <subfield code="a">Bolcatto, Viviana</subfield>
    <subfield code="e">edt</subfield>
    <subfield code="9">27770</subfield>
  </datafield>
  <datafield tag="700" ind1="1" ind2=" ">
    <subfield code="a">Balestieri, Emiliana </subfield>
    <subfield code="9">27771</subfield>
  </datafield>
  <datafield tag="700" ind1="1" ind2=" ">
    <subfield code="a">Berdat, Facundo Tom&#xE1;s </subfield>
    <subfield code="9">27772</subfield>
  </datafield>
  <datafield tag="700" ind1="1" ind2=" ">
    <subfield code="a">Brumnich, Luc&#xED;a   </subfield>
    <subfield code="9">27773</subfield>
  </datafield>
  <datafield tag="700" ind1="1" ind2=" ">
    <subfield code="a">Cocuzza, Pablo Ignacio</subfield>
    <subfield code="9">27774</subfield>
  </datafield>
  <datafield tag="700" ind1=" " ind2=" ">
    <subfield code="a">Del Barco, Maria Elena.</subfield>
    <subfield code="9">18508</subfield>
  </datafield>
  <datafield tag="700" ind1="1" ind2=" ">
    <subfield code="a">Fabre, Mar&#xED;a Virginia</subfield>
    <subfield code="9">27775</subfield>
  </datafield>
  <datafield tag="700" ind1="1" ind2=" ">
    <subfield code="a">Ferreira, Pablo Ignacio</subfield>
    <subfield code="9">27776</subfield>
  </datafield>
  <datafield tag="700" ind1="1" ind2=" ">
    <subfield code="a">Gigante, Federico</subfield>
    <subfield code="9">27777</subfield>
  </datafield>
  <datafield tag="700" ind1="1" ind2=" ">
    <subfield code="a">Floriani, Sof&#xED;a</subfield>
    <subfield code="9">27778</subfield>
  </datafield>
  <datafield tag="700" ind1="1" ind2=" ">
    <subfield code="a">Godoy Hern&#xE1;ndez, Germ&#xE1;n</subfield>
    <subfield code="9">27779</subfield>
  </datafield>
  <datafield tag="700" ind1="1" ind2=" ">
    <subfield code="a">Grimaldi, Micaela Ayel&#xE9;n</subfield>
    <subfield code="9">27780</subfield>
  </datafield>
  <datafield tag="700" ind1="1" ind2=" ">
    <subfield code="a">Mata, Pamela</subfield>
    <subfield code="9">27781</subfield>
  </datafield>
  <datafield tag="700" ind1="1" ind2=" ">
    <subfield code="a">Suarez, Luc&#xED;a</subfield>
    <subfield code="9">27782</subfield>
  </datafield>
  <datafield tag="856" ind1=" " ind2=" ">
    <subfield code="u"> https://hdl.handle.net/11185/7950 </subfield>
  </datafield>
  <datafield tag="908" ind1=" " ind2=" ">
    <subfield code="a">Imp</subfield>
  </datafield>
  <datafield tag="930" ind1=" " ind2=" ">
    <subfield code="e">12335</subfield>
  </datafield>
  <datafield tag="942" ind1=" " ind2=" ">
    <subfield code="2">udc</subfield>
    <subfield code="c">LIB</subfield>
  </datafield>
  <datafield tag="945" ind1=" " ind2=" ">
    <subfield code="d">2026-06-12</subfield>
  </datafield>
  <datafield tag="980" ind1=" " ind2=" ">
    <subfield code="6">5</subfield>
    <subfield code="a">Mar&#xED;a Machado</subfield>
    <subfield code="8">138</subfield>
    <subfield code="g">Carolina Rainero</subfield>
  </datafield>
  <datafield tag="999" ind1=" " ind2=" ">
    <subfield code="c">12471</subfield>
    <subfield code="d">12471</subfield>
  </datafield>
  <datafield tag="952" ind1=" " ind2=" ">
    <subfield code="0">0</subfield>
    <subfield code="1">0</subfield>
    <subfield code="2">udc</subfield>
    <subfield code="4">0</subfield>
    <subfield code="7">0</subfield>
    <subfield code="a">AR-RoUNA</subfield>
    <subfield code="b">AR-RoUNA</subfield>
    <subfield code="c">Tec</subfield>
    <subfield code="d">2026-06-12</subfield>
    <subfield code="e">Don</subfield>
    <subfield code="l">0</subfield>
    <subfield code="p">18516</subfield>
    <subfield code="t">ej. 1</subfield>
    <subfield code="y">LIB</subfield>
    <subfield code="x"></subfield>
  </datafield>
</record>
